MEXICO 1987: "EL PAIS QUE PERDIMOS"/

Tallennettuna:
Bibliografiset tiedot
Päätekijä: Romay, Benito Rey (autor)
Aineistotyyppi: Kirja
Aiheet:
Tagit: Lisää tagi
Ei tageja, Lisää ensimmäinen tagi!

MARC

LEADER 00000nam^a2200000^a^4500
001 000224634
005 20250521000000.0
009 20260310104055.682
020 |a 968-23-1425-9 
035 |a 043570 
037 |a Acervo Xavier Clavigero 
082 |a 332. 41  |b ROM 
100 |a Romay, Benito Rey  |e (autor) 
245 1 0 |a MEXICO 1987:  |b "EL PAIS QUE PERDIMOS"/  |c BENITO REY ROMAY 
264 |a MEXICO :  |b SIGLO XXI,  |c 1987 
300 |a 118p. 
336 |a texto  |b txt  |2 rdacontenido 
337 |a sin mediación  |b n  |2 rdamedio 
338 |a volumen  |b nc  |2 rdasoporte 
649 |a XX 
650 |a INFLACION (FINANZAS) MEXICO 
650 |a México -  |x Condiciones Económicas 
650 |a Política Económica -  |z México 
910 |a Fondo General 
920 |a Impresos - Libros 
930 |a Colección General 
905 |a 101 
901 |a 043570  |b IT1  |c ACC  |i 043570  |u 20250521 
902 |a https://opac.biblio.iteso.mx/vufind/Record/000224634